De la antigua a la nueva pascua: historia y teología de la fiesta pascual

Furkejuvvon:
Bibliográfalaš dieđut
Váldodahkki: Haag, Herbert (Dahkki)
Materiálatiipa: Girji
Giella:espánnjágiella
Almmustuhtton: Salamanca Sígueme 1980
Ráidu:Biblioteca de estudios biblicos, 25
Fáttát:
Fáddágilkorat: Lasit fáddágilkoriid
Eai fáddágilkorat, Lasit vuosttaš fáddágilkora!

MARC

LEADER 00000nam a2200000 a 4500
001 UCX1616
003 CL-VaPUC
008 901004e19800000SP |||||||||||||||||spa|d
020 |a 8430107983 
082 0 4 |a 263.93  |b HAA  |2 21 
100 |a Haag, Herbert  |e author  |9 579782 
245 1 0 |a De la antigua a la nueva pascua: historia y teología de la fiesta pascual 
300 |a 175 p 
942 |c BK 
945 |d 19901004 00:00:00 
260 |a Salamanca  |b Sígueme  |c 1980 
650 7 |a PASCUA DE RESURRECCION  |2 CL-VaPUC  |9 317172 
650 7 |a PASCUA HEBREA  |2 CL-VaPUC  |9 317173 
583 |a last modification  |c 19901004 00:00:00  |k Rodrigo Vera 
490 0 |a Biblioteca de estudios biblicos, 25 
999 |c 222806  |d 222804 
952 |0 0  |1 0  |4 0  |6 263_930000000000000_HAA_1980  |7 0  |8 A  |9 218007  |a BIBTEO  |b BIBTEO  |d 2019-11-15  |i 2868857  |o 263.93 HAA 1980  |p 2868857  |r 2025-01-17  |w 2019-11-15  |y BK  |k ICR